Critical woodcuts /

Bibliographic Details
Main Author: Sherman, Stuart Pratt, 1881-1926
Other Authors: Zadig, Bertrand
Format: Book
Language:English
Published: New York, London : C. Scribner, 1926.
Subjects:

MARC

Tag First Indicator Second Indicator Subfields
LEADER 00000cam a2200000 4500
001 in00000035391
005 20151007060759.0
008 741220s1926 nyuc 00010 eng u
010 |a  26008769  
035 |a (OCoLC)01118783 
035 |9 AAD0155AM 
040 |c IRU  |d TXA  |d UtOrBLW 
049 |a TXAM  |c [29710] 
050 0 |a PN761  |b .S5 
092 |a 801  |b Sh5c 
100 1 |a Sherman, Stuart Pratt,  |d 1881-1926. 
245 1 0 |a Critical woodcuts /  |c by Stuart Sherman. Illustrated with portraits engraved on wood by Bertrand Zadig. 
264 1 |a New York,  |a London :  |b C. Scribner,  |c 1926. 
300 |a xiv pages, 2 ., 3-348 pages including ports. :  |b frontispiece ;  |c 21 cm. 
336 |a text  |b txt  |2 rdacontent 
337 |a unmediated  |b n  |2 rdamedia 
338 |a volume  |b nc  |2 rdacarrier 
500 |a "The essays in this volume were all printed in 'Books', the literary supplement of the Herald tribune, in 1924 and 1925."--introduction. 
650 0 |a Literature, Modern  |x History and criticism. 
700 1 |a Zadig, Bertrand. 
999 |a MARS 
999 f f |s f2f2e7cb-8c25-3585-bfcf-bb3ab8066238  |i a1499a3c-fdd5-36a1-b543-06c21430234e  |t 0 
952 f f |p ric  |a Texas A&M University  |b Rellis Campus  |c Joint Library Facility  |d Remote Storage  |t 0  |e PN761 S5  |h Library of Congress classification  |i unmediated -- volume  |m A14801190855 
998 f f |a PN761 S5  |t 0  |l Remote Storage